Váhavý nástup bitcoinov

Vytvorenie nezávislej meny na internete - bitcoinu. Mena vytvorená tak, aby nikto, vrátanie autorov, politikov, štátov či ekonomiky nemal na ňu vplyv. Fungovanie meny na zložitom kryptografickom princípe. Zarobiť je možné len matematickými výpočtami počítača. Prehlbovanie ekonomickej nedôvery a rast...

Ausführliche Beschreibung

Gespeichert in:
Bibliographische Detailangaben
1. Verfasser: Žuffa, Radovan
Format: Buchkapitel
Sprache:Slowakisch
Schlagworte:
Tags: Tag hinzufügen
Keine Tags, Fügen Sie das erste Tag hinzu!

MARC

LEADER 00000naa a2200000 4500
001 0168342
005 20231113074733.5
041 0 |a slo 
044 |a SK 
245 1 0 |a Váhavý nástup bitcoinov  |c Radovan Žuffa 
520 |a Vytvorenie nezávislej meny na internete - bitcoinu. Mena vytvorená tak, aby nikto, vrátanie autorov, politikov, štátov či ekonomiky nemal na ňu vplyv. Fungovanie meny na zložitom kryptografickom princípe. Zarobiť je možné len matematickými výpočtami počítača. Prehlbovanie ekonomickej nedôvery a rast hodnoty bitcoinu v porovnaní s dolárom. Investovanie do bitcoinov. 
610 2 0 |a mena 
610 2 0 |a peniaze 
610 2 0 |a internet 
610 2 0 |a počítače 
610 2 0 |a investície 
610 2 0 |a investovanie 
100 1 |a Žuffa, Radovan